| 000 | 00428cam a2200181ua 4500 | ||
|---|---|---|---|
| 020 | _c4.00 | ||
| 041 |
_ahin _h |
||
| 082 |
_a891.54 _bMAH/GE |
||
| 100 | _aMahathma, Gandhi . | ||
| 245 |
_aGeeta mata / _cMahatma Gandhi. _hTextual Documents |
||
| 250 |
_a2 / _b. |
||
| 260 |
_aNew Delhi : _bSasta Sahitya Mandir , _c1960. |
||
| 300 | _a418 ; . | ||
| 365 | _a4.00 | ||
| 504 | _a | ||
| 942 | _cBK | ||
| 999 |
_c8365 _d8365 |
||